Siedem kontynentów - Statystyki

Ogólne statystyki
  • Ten quiz został rozwiązany 8 855 razy
  • Średni wynik to 7 z 7
Odpowiedzi na mapie
Odpowiedzi zakodowano w zielono-czerwonej skali na mapie do tego quizu, zgodnie z poniższymi procentami.
 
Statystyki odpowiedzi
Kontynent % Poprawnych
Europa
100%
Afryka
99%
Ameryka Północna
99%
Azja
99%
Ameryka Południowa
98%
Australia
98%
Antarktyda
93%
Nie znaleziono quizów pasujących do podanych kryteriów
Rozkład punktacji
Procent ludzi z każdym wynikiem
Percentyl według liczby udzielonych odpowiedzi
Twoja historia wyników
Nie rozwiązałeś tego quizu